NLSUI OPAC header image

Human rights violations and the law (Record no. 14343)

MARC details
000 -LEADER
fixed length control field 00436nam a2200157Ia 4500
008 - FIXED-LENGTH DATA ELEMENTS--GENERAL INFORMATION
fixed length control field 160316s1999 xxu||||| |||| 00| 0 eng d
082 ## - DEWEY DECIMAL CLASSIFICATION NUMBER
Classification number 342.085000
Item number SAH
100 ## - MAIN ENTRY--PERSONAL NAME
Personal name Sahu Asima
245 ## - TITLE STATEMENT
Title Human rights violations and the law
250 ## - EDITION STATEMENT
Edition statement
260 ## - PUBLICATION, DISTRIBUTION, ETC.
Place of publication, distribution, etc. Jaipur
Name of publisher, distributor, etc. Pointer Publishers
Date of publication, distribution, etc. 1999
300 ## - PHYSICAL DESCRIPTION
Extent 319p
Other physical details
Dimensions v
365 ## - TRADE PRICE
Price amount Rs.625
650 ## - SUBJECT ADDED ENTRY--TOPICAL TERM
Topical term or geographic name entry element 1. Human Rights - Violations - India<br/>2. Humanitarian Law - India
700 ## - ADDED ENTRY--PERSONAL NAME
Personal name
--
Holdings
Withdrawn status Lost status Damaged status Not for loan Home library Current library Shelving location Date acquired Cost, normal purchase price Total Checkouts Full call number Barcode Date last seen Price effective from Koha item type
        . .   30.05.2017 625.00   342.085 SAH 14547 30.05.2017 30.05.2017 BOOKs